000 00195 a2200097 4500
001 8549
100 _aBaily,S.D
245 _aThe united Nations
260 _a
_bMcMillan
_c
090 _c6877
_d6877
942 _aNUST-CAE
_cM
_c33463
999 _c243622
_d243622